00457nam a2200169Ia 4500003000400000005001700004008004100021040000700062041000800069082001900077100004600096245003600142260004700178300001100225365001300236650003800249OSt20230425143520.0210423s2002 xx 000 0 und d cAL aeng a574.80285 ATTT aATTWOOD (Teresa K);PARRY SMITH (David J). aIntroduction to bioinformatics. aNew DelhibPearson Education Pvt Ltdc2002 axx,218 b160cINR aTissue Cellular Molecular Biology